| 000 | 01206cam a22003497a 4500 | ||
|---|---|---|---|
| 003 | CHAP | ||
| 005 | 20220329140305.0 | ||
| 008 | 971013s1986 r 00010 d | ||
| 010 | _a49833 | ||
| 011 | _a50805 | ||
| 035 | _a54955 | ||
| 040 | _cCHAP | ||
| 090 | _aFolleto 11262 | ||
| 100 | 0 | 0 |
_aVillarreal, Luis. _9119666 |
| 245 | 1 | 3 | _aLa colección de hongos en el herbario del INIREB |
| 260 |
_aXalapa, Ver. : _bInstituto Nacional de Investigaciones sobre Recursos Bióticos, _c1986 |
||
| 300 | _a30 h. | ||
| 490 | 0 |
_aCuadernows de divulgación INIREB _v; 28 |
|
| 590 |
_aBATCH-UPD _b10 _c20130110 _lUCH01 _h0037 |
||
| 590 |
_aBATCH-UPD _b10 _c20130110 _lUCH01 _h0555 |
||
| 590 |
_aBATCH-UPD _b10 _c20130110 _lUCH01 _h2300 |
||
| 590 |
_aBATCH-UPD _b10 _c20130409 _lUCH01 _h2021 |
||
| 590 |
_aBATCH-UPD _b10 _c20130410 _lUCH01 _h1552 |
||
| 590 |
_aBATCH-UPD _b10 _c20130914 _lUCH01 _h1110 |
||
| 590 |
_aCONVERSION _b10 _c20130109 _lUCH01 _h1327 |
||
| 650 | 1 | 4 |
_aHongos _xCatálogos y colecciones. _956090 |
| 700 | 0 |
_aGuzmán Huerta, Gastón. _951965 |
|
| 830 | 0 |
_aCuadernows de divulgación INIREB _v; 28 _929909 |
|
| 901 | _aBK | ||
| 942 | _cFOLL | ||
| 949 |
_aFolleto 11262 _bBC _cFOLL _d-120929 _eTS1 _i54955 _mD _si |
||
| 999 |
_c49833 _d49833 |
||